| Tag |
First Indicator |
Second Indicator |
Subfields |
| LEADER |
00000cam a2200000 i 4500 |
| 001 |
in00005615021 |
| 006 |
m o d |
| 007 |
cr ||||||||||| |
| 008 |
240126s2024 nyu ob 001 0 eng |
| 005 |
20250127193542.6 |
| 010 |
|
|
|a 2024002595
|
| 035 |
|
|
|a (OCoLC)on1420167973
|
| 040 |
|
|
|a DLC
|b eng
|e rda
|e pn
|c DLC
|d OCLCO
|d CUV
|
| 019 |
|
|
|a 1446132267
|a 1453053698
|a 1453272191
|
| 020 |
|
|
|a 9781501776472
|q (epub)
|
| 020 |
|
|
|a 1501776479
|q (epub)
|
| 020 |
|
|
|a 9781501776489
|q (pdf)
|
| 020 |
|
|
|a 1501776487
|q (pdf)
|
| 020 |
|
|
|z 9781501776458
|q (hardcover)
|
| 020 |
|
|
|z 9781501776465
|q (paperback)
|
| 035 |
|
|
|a (OCoLC)1420167973
|z (OCoLC)1446132267
|z (OCoLC)1453053698
|z (OCoLC)1453272191
|
| 042 |
|
|
|a pcc
|
| 043 |
|
|
|a a-kz---
|
| 050 |
0 |
0 |
|a HQ792.K3
|
| 082 |
0 |
0 |
|a 891.72/3
|2 23/eng/20240205
|
| 049 |
|
|
|a TXAM
|
| 100 |
1 |
|
|a Barker, Meghanne,
|d 1981-
|e author.
|
| 245 |
1 |
0 |
|a Throw your voice :
|b suspended animations in Kazakhstani childhoods /
|c Meghanne Barker.
|
| 264 |
|
1 |
|a Ithaca :
|b Cornell University Press,
|c 2024.
|
| 300 |
|
|
|a 1 online resource
|
| 336 |
|
|
|a text
|b txt
|2 rdacontent
|
| 337 |
|
|
|a computer
|b c
|2 rdamedia
|
| 338 |
|
|
|a online resource
|b cr
|2 rdacarrier
|
| 520 |
|
|
|a "Throw Your Voice is an ethnography of childhood in contemporary Kazakhstan, with theories of familiarization techniques and animation tying together two sites: a government-funded puppet theater and a temporary, state-run home for young children. Anton Chekhov's short story "Kashtanka" serves as a narrative thread throughout the book"--
|c Provided by publisher.
|
| 504 |
|
|
|a Includes bibliographical references and index.
|
| 505 |
0 |
|
|a Getting lost -- Meeting a stranger -- Jumping through hoops -- Getting comfortable -- Losing a friend -- Going home.
|
| 588 |
|
|
|a Description based on print version record and CIP data provided by publisher.
|
| 600 |
1 |
0 |
|a Chekhov, Anton Pavlovich,
|d 1860-1904.
|t Kashtanka
|x Social aspects.
|
| 650 |
|
0 |
|a Children
|z Kazakhstan
|x Social conditions
|y 21st century.
|
| 650 |
|
0 |
|a Children
|x Institutional care
|x Social aspects
|z Kazakhstan.
|
| 650 |
|
0 |
|a Puppet theater
|x Social aspects
|z Kazakhstan.
|
| 650 |
|
6 |
|a Enfants
|z Kazakhstan
|x Conditions sociales
|y 21e siècle.
|
| 650 |
|
6 |
|a Théâtre de marionnettes
|x Aspect social
|z Kazakhstan.
|
| 655 |
|
7 |
|a Electronic books.
|2 local
|
| 776 |
0 |
8 |
|i Print version:
|a Barker, Meghanne, 1981-
|t Throw your voice
|d Ithaca [New York] : Cornell University Press, 2024
|z 9781501776458
|w (DLC) 2024002594
|
| 856 |
4 |
0 |
|u https://www.degruyter.com/openurl?genre=book&isbn=9781501776489
|z Connect to the full text of this electronic book
|t 0
|
| 955 |
|
|
|a De Gruyter Open Access ebooks
|
| 994 |
|
|
|a 92
|b TXA
|
| 999 |
f |
f |
|s 44b1262a-47cb-4bdf-82b0-dfc84cd2798a
|i 1431e0c4-dc4e-4d55-9cde-a11e9c67ab0a
|t 0
|
| 952 |
f |
f |
|a Texas A&M University
|b College Station
|c Electronic Resources
|d Available Online
|t 0
|e HQ792.K3
|h Library of Congress classification
|
| 998 |
f |
f |
|a HQ792.K3
|t 0
|l Available Online
|